| 000 | 00616nam a2200181 i 4500 | ||
|---|---|---|---|
| 001 | 87683 | ||
| 003 | ES-MaACL | ||
| 005 | 20230906175723.0 | ||
| 007 | t| | ||
| 008 | 041223s1941 sp ||||1| spa d | ||
| 100 | 1 |
_aKroemer, Karl. _968877 |
|
| 245 | 1 | 0 |
_aTraumatología de la mano / _cpor Karl Krömer ; con un prólogo de Lorenz Böhler ; versión española por F. Jimeno Vidal. |
| 260 |
_aBarcelona : _bLabor, _c1941 ( _fTall. Graf. Ibero-Americanos) |
||
| 300 |
_aXVI, 294 p. : _bil. ; _c25 cm. |
||
| 700 | 1 |
_aBoehler, Lorenz. _929730 |
|
| 700 | 1 |
_aJimeno Vidal, F. _966660 |
|
| 852 |
_aES-MaACL _jE-762 _bR.26959 |
||
| 999 |
_c87683 _d87683 |
||